Strictly Come Dancing Winners - Statistics

General Stats
  • This quiz has been taken 280 times
  • The average score is 14 of 20
Answer Stats
Series Winner % Correct
Series 18 (2020) Bill Bailey
88%
Series 19 (2021) Rose Ayling-Ellis
78%
Series 1 (2004) Natasha Kaplinsky
76%
Series 16 (2018) Stacey Dooley
75%
Series 9 (2011) Harry Judd
72%
Series 13 (2015) Jay McGuiness
70%
Series 2 (2004) Jill Halfpenny
70%
Series 17 (2019) Kelvin Fletcher
69%
Series 7 (2009) Chris Hollins
68%
Series 20 (2022) Hamza Yassin
68%
Series 4 (2006) Mark Ramprakash
68%
Series 11 (2013) Abbey Clancy
67%
Series 12 (2014) Caroline Flack
67%
Series 15 (2017) Joe McFadden
64%
Series 10 (2012) Louis Smith
64%
Series 14 (2016) Ore Oduba
63%
Series 6 (2008) Tom Chambers
62%
Series 3 (2005) Darren Gough
61%
Series 5 (2007) Alesha Dixon
59%
Series 8 (2010) Kara Tointon
48%
No matching quizzes found
Score Distribution
Percent of People with Each Score
Percentile by Number Answered
Your Score History
You have not taken this quiz